[Event "Buenos Aires Grafica Yael Torre Blanca"]
[Site "Buenos Aires"]
[Date "2017.07.30"]
[Round "3"]
[White "Trois, Francisco R Torres"]
[Black "Bitelmajer, Martin"]
[Result "0-1"]
[WhiteElo "2200"]
[BlackElo "2431"]
[PlyCount "92"]
[EventDate "2017.07.28"]
[EventType "tourn"]
[EventRounds "9"]
[EventCountry "ARG"]
[SourceTitle "EXT 2020"]
[Source "ChessBase"]
[SourceDate "2019.10.17"]
[SourceVersion "1"]
[SourceVersionDate "2019.10.17"]
[SourceQuality "1"]

1. d4 Nf6 2. Nf3 e6 3. g3 b5 4. Bg2 Bb7 5. 0-0 d5 6. c3 Be7 7. Bg5 0-0 8. a4 b4 9. Ne5 Na6 10. Nd2 c5 11. Nd3 h6 12. Bxf6 Bxf6 13. dxc5 bxc3 14. bxc3 Rc8 15. Qb3 Qe7 16. e4 Nxc5 17. Nxc5 Rxc5 18. Rac1 Rfc8 19. exd5 Bxd5 20. c4 Bxg2 21. Kxg2 Qc7 22. Ne4 Rxc4 23. Nxf6+ gxf6 24. Rxc4 Qxc4 25. Qe3 Qxa4 26. Qxh6 Qe4+ 27. Kg1 Qf3 28. Qd2 Kg7 29. Re1 Rc5 30. Qd7 a5 31. Qd4 Qc3 32. Qxc3 Rxc3 33. Ra1 Rc5 34. Kg2 e5 35. Kf3 f5 36. Ke3 Kg6 37. Kd3 Kg5 38. f3 f4 39. g4 f6 40. Ra3 Rd5+ 41. Ke2 Kh4 42. Rc3 Kh3 43. Rc6 Kxh2 44. Rxf6 Kg2 45. g5 Rb5 46. g6 Rb2+ 0-1